| 000 | 00769cab a2200241 4500 | ||
|---|---|---|---|
| 001 | WB2919-20 | ||
| 008 | 090401t1993 xxu||||| |||| 00| 0 eng d | ||
| 035 | _a(Sirsi) u31427 | ||
| 041 | _aeng | ||
| 245 | _aDamp? What a load of rot! | ||
| 260 | _c1993 | ||
| 350 | _a0 | ||
| 490 |
_aDaily Mail _v21 May 1993, 12-13(1) |
||
| 520 | _aWarnings that houses built between the wars are in danger of decay and escalating repair costs have been played down by representatives of the property and building industries. | ||
| 650 | _aBCIS | ||
| 650 | _aBUILT ENVIRONMENT-BUILDING MATERIALS | ||
| 650 | _aFLETTON BRICKS | ||
| 650 | _aLONDON BRICK COMPANY | ||
| 690 | _aBUILT ENVIRONMENT-BUILDING PATHOLOGY | ||
| 690 | _aHOUSING | ||
| 942 | _n0 | ||
| 948 | _c04/03/1997 | ||
| 999 |
_c21101 _d21101 |
||